The Fund's Income Position for FY 2017 : Actual Outcome.

This paper reports the Fund's income position for FY 2017 following the closing of the Fund's accounts for the financial year and completion of the external audit. Total FY 2017 net income, including income from surcharges, amounted to SDR 1.9 billion or about SDR 258 million higher than e...

Повний опис

Бібліографічні деталі
Співавтор: International Monetary Fund. Finance Dept
Формат: Журнал
Мова:English
Опубліковано: Washington, D.C. : International Monetary Fund, 2018.
Серія:Policy Papers; Policy Paper ; No. 2018/043
Предмети:
Онлайн доступ:Full text available on IMF
LEADER 02057cas a2200301 a 4500
001 AALejournalIMF019244
008 230101c9999 xx r poo 0 0eng d
020 |c 5.00 USD 
020 |z 9781498309608 
022 |a 2663-3493 
040 |a BD-DhAAL  |c BD-DhAAL 
110 2 |a International Monetary Fund.  |b Finance Dept. 
245 1 4 |a The Fund's Income Position for FY 2017 :   |b Actual Outcome. 
264 1 |a Washington, D.C. :  |b International Monetary Fund,  |c 2018. 
300 |a 1 online resource (7 pages) 
490 1 |a Policy Papers 
500 |a <strong>Off-Campus Access:</strong> No User ID or Password Required 
500 |a <strong>On-Campus Access:</strong> No User ID or Password Required 
506 |a Electronic access restricted to authorized BRAC University faculty, staff and students 
520 3 |a This paper reports the Fund's income position for FY 2017 following the closing of the Fund's accounts for the financial year and completion of the external audit. Total FY 2017 net income, including income from surcharges, amounted to SDR 1.9 billion or about SDR 258 million higher than estimated in April, reflecting mainly a larger than anticipated gain reported under IAS 19 (the accounting standard for employee benefits). GRA net income for FY 2017 was about SDR 1.49 billion and has been placed to the Fund's reserves. In accordance with decisions taken in April 2017, a net transfer of currencies amounting to SDR 1.41 billion was made in August 2017 from the GRA to the Investment Account. The placement of the net income to the Fund's reserves has further strengthened the Fund's precautionary balances, which reached SDR 16.7 billion at the end of FY 2017. 
538 |a Mode of access: Internet 
650 7 |a Income  |2 imf 
650 7 |a PP  |2 imf 
650 7 |a SDR Billion  |2 imf 
650 7 |a SDR Department  |2 imf 
651 7 |a United States  |2 imf 
830 0 |a Policy Papers; Policy Paper ;  |v No. 2018/043 
856 4 0 |z Full text available on IMF  |u http://elibrary.imf.org/view/journals/007/2018/043/007.2018.issue-043-en.xml  |z IMF e-Library